Dôveru vrátia cenné rady

Zmena nákupných zvykov spotrebiteľa v kontexte krízy. Menej optimizmu, viac opatrnosti, zodpovedný prístup. Spotrebitelia pred nákupom používajú internet. Súčasný spotrebiteľ si nákupy riadi sám.

Salvato in:
Dettagli Bibliografici
Natura: Capitolo di libro
Lingua:slovacco
Soggetti:
Tags: Aggiungi Tag
Nessun Tag, puoi essere il primo ad aggiungerne!!

MARC

LEADER 00000naa a2200000 4500
001 0128391
005 20231109070246.5
041 0 |a slo 
044 |a SK 
245 1 0 |a Dôveru vrátia cenné rady 
520 |a Zmena nákupných zvykov spotrebiteľa v kontexte krízy. Menej optimizmu, viac opatrnosti, zodpovedný prístup. Spotrebitelia pred nákupom používajú internet. Súčasný spotrebiteľ si nákupy riadi sám. 
610 2 0 |a spotrebitelia 
610 2 0 |a správanie spotrebiteľa 
610 2 0 |a Európa 
610 2 0 |a kríza hospodárska